Bibliografický katalóg ČSR Slovenské časopisy

Bibliographic Details
Other Authors: Štefánik, Ján (Iso)
Format: Journal
Language:Slovak
PhysicalDescription:1 zv. 21 cm
Published: V Martine Matica slovenská 1954-1954
ISSN:0583-6190
Subjects:

MARC

LEADER 00000cas a2200000 a 4500
001 vtls010301013
003 SK-MaSNL
005 20260425194243.0
008 110810d19541954xo qr p 0 b0slo
022 |a 0583-6190 
040 |a SNK  |b slo  |c SNK  |e AACR2 
041 0 |a slo 
043 |a e-xo--- 
044 |a xo  |c SK 
072 7 |a 01  |x Bibliografia. Katalógy  |2 konspekt 
080 |a 015(4/9)  |2 2011 
080 |a (437.6)  |2 2011 
080 |a (083.82)  |2 2011 
080 |a 070.48  |2 2011 
080 |a 070.432  |2 2011 
210 0 |a Bibliogr. kat. ČSR, Slov. čas. 
222 0 |a Bibliografický katalóg ČSR. Slovenské časopisy 
245 0 0 |a Bibliografický katalóg ČSR  |p Slovenské časopisy 
246 3 0 |a Slovenské časopisy 
260 |a V Martine  |b Matica slovenská  |c 1954-1954 
300 |a 1 zv.  |c 21 cm 
310 |a 1x mesačne 
362 0 |a Roč. 1, č. 1 (1954)-č. 12 (1954) 
500 |a Zodp. red. Ján Štefánik 
500 |a Vydávanie povolilo Povereníctvo kultúry v Bratislave výmerom č. 9-1824/54-II dňa 25. 8. 1954 
500 |a Výkonný red. Štefan Valentovič 
504 |a Na konci každej časti je autorský register 
504 |a Na konci ročníka je abecedný prehľad excerpovaných časopisov a ich skratiek 
515 |a Vychádza v štvrťročných trojčíslach, ale v tiráži je uvedené, že vychádza mesačne 
515 |a Okrem číselného, má aj slovné označenie číslovania 
650 0 7 |a národná bibliografia  |2 SNKPH  |9 65859 
650 0 7 |a články  |2 SNKPH  |9 26528 
650 0 7 |a bibliografia článkov  |2 SNKPH  |9 261080 
651 7 |a Slovensko  |2 SNKPH  |9 14231 
655 7 |a katalógy  |2 SNKPH  |9 60821 
700 1 |a Štefánik, Ján  |4 Iso  |9 269321 
700 1 |a Valentovič, Štefan,  |d 1923-2010  |4 red 
710 2 |a Matica slovenská  |4 pbl  |9 14662 
752 |a Slovensko  |d Martin 
910 |a snk 
916 |a 1954 
999 |c 8545  |d 10475 
952 |t č. 1-12  |a SNK  |b SNK  |y PREZ  |7 0  |p 17A0433595  |o snkČSC 3706/1/1954  |i snkF 997/72  |8 5  |f 1  |0 0  |1 0  |4 0  |d 2004-06-23  |l 0  |r 2005-01-02 00:00:00  |w 2026-02-21 
952 |t č. 1-12  |a SNK  |b SNK  |y PREZ  |7 0  |p 17A1185442  |o snkČSC 3706/1/1954 D1  |0 0  |1 0  |4 0  |d 2016-05-11  |l 0  |r 2026-02-21 22:16:48  |w 2026-02-21